Once upon a time /

Bibliographic Details
Main Author: Cutler, Leland Whitman, 1885-
Format: Book
Language:English

MARC

Tag First Indicator Second Indicator Subfields
LEADER 00000cam a2200000 a 4500
001 in00000090951
005 20151008063832.0
008 800924s1934 cau 00010 engm
010 |a  35015598  
035 |a (OCoLC)06749271 
035 |9 AAK3017AM 
040 |a DLC  |c CLA  |d TXA  |d UtOrBLW 
049 |a TXAM  |c [1442460] 
050 0 |a PS3505.U977  |b O6 1934 
082 0 |a 818.5 
100 1 |a Cutler, Leland Whitman,  |d 1885- 
245 1 0 |a Once upon a time /  |c by Leland W. Cutler ; with a prefatory note by Edward F. O'Day. 
264 3 |a San Francisco :  |b Printed by J.H. Nash,  |c 1934. 
300 |a x, 81 pages ;  |c 29 cm. 
336 |a text  |b txt  |2 rdacontent 
337 |a unmediated  |b n  |2 rdamedia 
338 |a volume  |b nc  |2 rdacarrier 
500 |a "Of this book six hundred copies have been printed by John Henry Nash of San Francisco for Leland W. Cutler. This copy is number 537." 
500 |a Prose and verse. 
999 |a MARS 
999 f f |s b7eb5262-1368-3c33-a860-403ff6b922bf  |i 52a6c370-24e0-3747-a09f-8f2f9cb0c119  |t 0 
952 f f |p ric  |a Texas A&M University  |b Rellis Campus  |c Joint Library Facility  |d Remote Storage  |t 0  |e PS3505.U977 O6 1934  |h Library of Congress classification  |i unmediated -- volume  |m A14806190402 
998 f f |a PS3505.U977 O6 1934  |t 0  |l Remote Storage